Australian Electorates - Statistics

General Stats
  • This quiz has been taken 128 times
  • The average score is 67 of 151
Answer Stats
State Answer % Correct
Victoria Melbourne
92%
Queensland Brisbane
90%
Australian Capital Territory Canberra
90%
New South Wales Sydney
90%
Australian Capital Territory Bean
85%
Western Australia Perth
85%
South Australia Adelaide
83%
New South Wales Wentworth
79%
New South Wales Cook
77%
Tasmania Bass
69%
New South Wales North Sydney
69%
New South Wales Warringah
69%
New South Wales Bennelong
67%
South Australia Grey
67%
New South Wales Barton
65%
Victoria Kooyong
65%
Northern Territory Lingiari
65%
New South Wales Eden-Monaro
63%
Tasmania Lyons
63%
Northern Territory Solomon
63%
New South Wales Grayndler
60%
New South Wales Newcastle
60%
Tasmania Braddon
58%
Victoria Deakin
58%
Queensland Kennedy
58%
South Australia Boothby
56%
New South Wales Chifley
56%
Western Australia Curtin
56%
Queensland Griffith
56%
Victoria Maribyrnong
56%
Victoria Menzies
56%
New South Wales Parramatta
56%
Victoria Fraser
54%
Western Australia Fremantle
54%
Victoria Indi
54%
New South Wales New England
54%
Western Australia Swan
54%
Victoria Ballarat
52%
Victoria Bendigo
52%
Victoria Chisholm
52%
New South Wales Hughes
52%
New South Wales Hunter
52%
Western Australia Pearce
52%
New South Wales Banks
50%
Victoria Corangamite
50%
Australian Capital Territory Fenner
50%
New South Wales Kingsford Smith
50%
South Australia Mayo
50%
Queensland Capricornia
48%
Queensland Dickson
48%
Victoria Goldstein
48%
Western Australia Hasluck
48%
Victoria Holt
48%
Queensland Leichhardt
48%
New South Wales Richmond
48%
Victoria Higgins
46%
Victoria Lalor
46%
Victoria La Trobe
46%
New South Wales Macquarie
46%
New South Wales Whitlam
46%
Western Australia Durack
44%
Queensland Fisher
44%
Victoria Flinders
44%
Tasmania Franklin
44%
Victoria Gippsland
44%
Queensland Longman
44%
Victoria Macnamara
44%
Victoria McEwen
44%
New South Wales McMahon
44%
Victoria Bruce
42%
Tasmania Clark
42%
Queensland Fadden
42%
New South Wales Gilmore
42%
Queensland Herbert
42%
Victoria Monash
42%
New South Wales Parkes
42%
Victoria Aston
40%
New South Wales Blaxland
40%
Queensland Bonner
40%
Victoria Cooper
40%
Victoria Dunkley
40%
New South Wales Farrer
40%
Queensland Maranoa
40%
Queensland Oxley
40%
New South Wales Page
40%
New South Wales Reid
40%
South Australia Sturt
40%
Western Australia Tangney
40%
Victoria Calwell
38%
Queensland Dawson
38%
Queensland Fairfax
38%
Queensland Flynn
38%
Victoria Gorton
38%
South Australia Hindmarsh
38%
Victoria Jagajaga
38%
New South Wales Cowper
35%
New South Wales Dobell
35%
New South Wales Fowler
35%
New South Wales Hume
35%
Victoria Isaacs
35%
New South Wales Riverina
35%
Queensland Ryan
35%
Victoria Scullin
35%
New South Wales Shortland
35%
Victoria Wannon
35%
New South Wales Watson
35%
Victoria Wills
35%
New South Wales Berowra
33%
New South Wales Calare
33%
Victoria Corio
33%
Western Australia Cowan
33%
Queensland Forde
33%
Queensland Lilley
33%
Victoria Nicholls
33%
Queensland Petrie
33%
New South Wales Werriwa
33%
Victoria Gellibrand
31%
New South Wales Lindsay
31%
New South Wales Mackellar
31%
South Australia Makin
31%
Victoria Mallee
31%
Western Australia Moore
31%
New South Wales Robertson
31%
Queensland Wide Bay
31%
South Australia Barker
29%
Western Australia Brand
29%
Victoria Casey
29%
New South Wales Cunningham
29%
New South Wales Greenway
29%
Queensland Groom
29%
Victoria Hotham
29%
South Australia Kingston
29%
New South Wales Lyne
29%
New South Wales Macarthur
29%
Western Australia O'Connor
29%
New South Wales Paterson
29%
Western Australia Canning
27%
Western Australia Forrest
27%
Queensland Hinkler
27%
Queensland McPherson
27%
Queensland Moncrieff
27%
Queensland Rankin
27%
South Australia Spence
27%
New South Wales Bradfield
25%
Western Australia Burt
25%
New South Wales Mitchell
25%
Queensland Moreton
25%
Western Australia Stirling
25%
Queensland Wright
25%
Queensland Bowman
21%
Queensland Blair
19%
No matching quizzes found
Score Distribution
Percent of People with Each Score
Percentile by Number Answered
Your Score History
You have not taken this quiz